Pokémon - Attacken von Zapplarang in KA/PU - Statistiken

Allgemein
  • Dieses Quiz wurde 3 mal gespielt
  • Das Durchschnittsergebnis liegt bei 27 aus 73
Antwortstatistiken
Antwort % Korrekt
Donner
100%
Donnerblitz
100%
Donnerwelle
100%
Tackle
100%
Bodycheck
67%
Dampfwalze
67%
Delegator
67%
Donnerschlag
67%
Donnerzahn
67%
Elektroball
67%
Erholung
67%
Felsgrab
67%
Feuerschlag
67%
Flammenwurf
67%
Funkensprung
67%
Hyperstrahl
67%
Kehrtwende
67%
Knirscher
67%
Lichtkanone
67%
Regentanz
67%
Säure
67%
Säurespeier
67%
Schutzschild
67%
Sonnentag
67%
Steinhagel
67%
Stromstoß
67%
Tera-Ausbruch
67%
Abschlag
33%
Akrobatik
33%
Ausdauer
33%
Blitzkanone
33%
Bodyslam
33%
Bürde
33%
Drachenklaue
33%
Drachenpuls
33%
Drachenrute
33%
Durchbruch
33%
Elektrofeld
33%
Elektronetz
33%
Fassade
33%
Gigasauger
33%
Gigastoß
33%
Grimasse
33%
Konfusstrahl
33%
Ladestrahl
33%
Ladungsstoß
33%
Nahkampf
33%
Neck Strike
33%
Schlafrede
33%
Voltwechsel
33%
Wutanfall
33%
Ableithieb
0%
Anfallen
0%
Aquadurchstoß
0%
Body Press
0%
Donnerstoß
0%
Einrollen
0%
Fruststampfer
0%
Fuchtler
0%
Klammergriff
0%
Kopfnuss
0%
Ladevorgang
0%
Lichtschild
0%
Magensäfte
0%
Mystowellen
0%
Power-Punch
0%
Protzer
0%
Rammboss
0%
Sternschauer
0%
Strauchler
0%
Superzahn
0%
Zen-Kopfstoß
0%
Zermalmklaue
0%
Keine übereinstimmenden Quizze gefunden
Verteilung der Resultate
Anzahl Personen mit jedem Resultat
Perzentil nach korrekt beantworteten Fragen
Ihre Resultats-Entwicklung
Sie haben dieses Quiz noch nicht gespielt